UBT Library

Language in the mathematics classroom : (Record no. 41141)

000 -LEADER
fixed length control field 00762pam a2200229 a 4500
001 - CONTROL NUMBER
control field 2543023
005 - DATE AND TIME OF LATEST TRANSACTION
control field 20180129051243.0
008 - FIXED-LENGTH DATA ELEMENTS--GENERAL INFORMATION
fixed length control field 940816s1994 nhua b 001 0 eng
010 ## - LIBRARY OF CONGRESS CONTROL NUMBER
LC control number 94035141
020 ## - INTERNATIONAL STANDARD BOOK NUMBER
International Standard Book Number 043508366X (pbk.)
040 ## - CATALOGING SOURCE
Original cataloging agency DLC
Transcribing agency DLC
Modifying agency DLC
041 ## - LANGUAGE CODE
Language code of text/sound track or separate title eng
080 ## - UNIVERSAL DECIMAL CLASSIFICATION NUMBER
Universal Decimal Classification number 510.7 REC
082 00 - DEWEY DECIMAL CLASSIFICATION NUMBER
Classification number 510.7 REC
Edition number 20
100 1# - Rafti
Rafti 38
101 ## - Shkurtesa
Shkurtesa MAT
245 10 - TITLE STATEMENT
Title Language in the mathematics classroom :
Statement of responsibility, etc Rachel Griffiths and Margaret Clyne.
504 ## - BIBLIOGRAPHY, ETC. NOTE
Bibliography, etc Includes bibliographical references (p. 149-153) and index.
906 ## - LOCAL DATA ELEMENT F, LDF (RLIN)
a 7
b cbc
c orignew
d 1
e ocip
f 19
g y-gencatlg
942 ## - ADDED ENTRY ELEMENTS (KOHA)
Source of classification or shelving scheme
Item type Books
Holdings
Withdrawn status Lost status Source of classification or shelving scheme Damaged status Not for loan Permanent location Current location Date acquired Total Checkouts Full call number Barcode Date last seen Price effective from Koha item type
          UBT - Lipjan UBT - Lipjan 01/29/2018   510.7 REC 002-2996981 01/29/2018 01/29/2018 Books
UBT Library © 2015-2024. All rights reserved University Education for Business and Technology